Ovládanie smart komponentov v inteligentnej miestnosti

Na minha lista:
Detalhes bibliográficos
Autor principal: Orság, Ferdinand (Author)
Outros Autores: Rozinaj, Gregor (Thesis advisor)
Formato: Manuscrito Livro
Idioma:eslovaco
Publicado em: 2016
Assuntos:
Acesso em linha:http://is.stuba.sk/zp/portal_zp.pl?podrobnosti=119818
Tags: Adicionar Tag
Sem tags, seja o primeiro a adicionar uma tag!

MARC

LEADER 00000ntm a22000003a 4500
001 stuzp54398
003 SK-STU
005 20160722120527.6
007 ta
008 150427s2015----xo-----f-mn---000-0-slo-d
040 |a STU  |b slo 
041 0 |a slo 
044 |a xo 
100 1 |a Orság, Ferdinand  |u 037000  |k Z4  |4 aut  |U FEI Fakulta elektrotechniky a informatiky  |T FEI Ústav telekomunikácií  |X 8660  |U E070  |Y 818  |7 A000008660 
242 0 1 |a Controlling smart components in the smart room  |y eng 
245 1 0 |a Ovládanie smart komponentov v inteligentnej miestnosti 
260 |c 2016 
300 |a 66 s., príl.,  |b CD-ROM 
650 4 |a smart komponent  |2 slo 
650 4 |a riadiaca jednotka  |2 slo 
650 4 |a inteligentná miestnosť  |2 slo 
650 4 |a controller  |2 eng 
650 4 |a smart component  |2 eng 
650 4 |a smart room  |2 eng 
700 1 |a Rozinaj, Gregor  |u 037000  |k Z1  |4 ths  |U FEI Fakulta elektrotechniky a informatiky  |T FEI Ústav telekomunikácií  |X 1945  |U E070  |Y 818  |7 A000001945 
856 4 |u http://is.stuba.sk/zp/portal_zp.pl?podrobnosti=119818 
996 |b 284EP11385  |c E*DIPL- 11385  |l EE37  |s P  |a 0  |w stuzp54398_0001 
SQL |a stuzp54398  |b DDP  |c SLO  |d Ovládanie smart komponentov v inteligentnej miestnosti  |e 8660  |f Orság, Ferdinand  |g 037000  |h 1945  |i Rozinaj, Gregor  |j 20160614  |k 86  |l 03  |m http://is.stuba.sk/zp/portal_zp.pl?podrobnosti=119818  |n I-TLK  |o 5.2.15. telekomunikácie